01761nam a2200409Ia 4500001001200000003000800012006001900020007001500039008004100054010001700095020001500112020002800127040002100155035002100176050002600197082002400223100001700247245014700264260004300411300001900454504006600473533015200539650006100691650005400752650007000806650004500876650003100921650003100952651005400983651004701037651003801084651003801122655002901160710001701189856012601206999001901332ebr10135531CaPaEBRm u cr cn|||||||||031208s2004 nyua sb 001 0 eng d z 2003067756 z1403981159 z1403964963 (alk. paper) aCaPaEBRcCaPaEBR a(OCoLC)56046523214aPR448.N38bY33 2004eb04a820.9/358/090332221 aYadav, Alok.10aBefore the empire of Englishh[electronic resource] :bliterature, provinciality, and nationalism in eighteenth-century Britain /cAlok Yadav. aNew York :bPalgrave Macmillan,c2004. a231 p. :bill. aIncludes bibliographical references (p. [177]-213) and index. aElectronic reproduction.bPalo Alto, Calif. :cebrary,d2009.nAvailable via World Wide Web.nAccess may be limited to ebrary affiliated libraries. 0aEnglish literaturey18th centuryxHistory and criticism. 0aNational characteristics, British, in literature. 0aNationalism and literaturezGreat BritainxHistoryy18th century. 0aEnglish literaturexEuropean influences. 0aNationalism in literature. 0aImperialism in literature. 0aGreat BritainxCivilizationxEuropean influences. 0aGreat BritainxCivilizationy18th century. 0aGreat BritainxRelationszEurope. 0aEuropexRelationszGreat Britain. 7aElectronic books.2local2 aebrary, Inc.40uhttp://site.ebrary.com/lib/rucke/Doc?id=10135531zAn electronic book accessible through the World Wide Web; click to view c187908d187908